Oportunidades de mejora en la gestión de compras especializadas para el caso Medellín y Área Metropolitana (Registro nro. 581144)

Detalles MARC
000 -CABECERA
campo de control de longitud fija 01703nam a2200301uu 4500
001 - NÚMERO DE CONTROL
campo de control 1248384
005 - FECHA Y HORA DE LA ÚLTIMA TRANSACCIÓN
campo de control 20260508070817.0
007 - CAMPO FIJO DE DESCRIPCIÓN FÍSICA--INFORMACIÓN GENERAL
campo de control de longitud fija cr|||||||
008 - DATOS DE LONGITUD FIJA--INFORMACIÓN GENERAL
campo de control de longitud fija 110713e20110713 spa
035 ## - NÚMERO DE CONTROL DEL SISTEMA
Número de control de sistema 1248384
040 ## - FUENTE DE LA CATALOGACIÓN
Centro/agencia transcriptor comduadb
041 ## - CÓDIGO DE LENGUA
Código de lengua del texto/banda sonora o título independiente spa
080 ## - NÚMERO DE LA CLASIFICACIÓN DECIMAL UNIVERSAL
Número de la Clasificación Decimal Universal ELI
100 10 - ENTRADA PRINCIPAL--NOMBRE DE PERSONA
Nombre de persona Zapata Zuluaga, Jorge Andrés
Código de función aut
Término indicativo de función/relación Autor/a
9 (RLIN) 577888
245 10 - TÍTULO PROPIAMENTE DICHO
Título propiamente dicho Oportunidades de mejora en la gestión de compras especializadas para el caso Medellín y Área Metropolitana
260 ## - PUBLICACIÓN, DISTRIBUCIÓN, ETC.
Lugar de publicación, distribución, etc. Medellín :
Nombre del editor, distribuidor, etc. [sin publicador],
Fecha de publicación, distribución, etc. 2011.
300 ## - DESCRIPCIÓN FÍSICA
Extensión 27 páginas
520 3# - SUMARIO, ETC.
Nota de Sumario, etc. El propósito de este trabajo es profundizar en el estado actual de los procesos de compras de las organizaciones, revisando investigaciones académicas de casos de diferentes países como el de Reino Unido, Alemania, Dinamarca, Estados Unidos entre otros, y presentar las tendencias actuales, haciendo énfasis en el impacto generado por factores como las tecnologías de la información, la Internet, el e-procurement y el outsourcing. Se describen estos conceptos y algunas metodologías de uso actual. Finalmente, se presentan los resultados encontrados en la encuesta implementada para la investigación sobre organizaciones locales, donde se revisan posibilidades de mejora dentro de los procesos de compras específicamente en las de categoría MRO.
502 ## - NOTA DE TESIS
Tipo de título Tesis (Especialista en Logística Integral).
Nombre de la institución que otorga el título Universidad de Antioquia. Facultad de Ingeniería,
526 ## - NOTA DE INFORMACIÓN SOBRE EL PROGRAMA DE ESTUDIO
Nombre del programa Universidad de Antioquia. Facultad de Ingeniería. Especialización en Logística Integral.
650 ## - PUNTO DE ACCESO ADICIONAL DE MATERIA--TÉRMINO DE MATERIA
Término de materia o nombre geográfico como elemento de entrada Outsourcing
9 (RLIN) 18061
650 #4 - PUNTO DE ACCESO ADICIONAL DE MATERIA--TÉRMINO DE MATERIA
Término de materia o nombre geográfico como elemento de entrada Compras
9 (RLIN) 5340
650 ## - PUNTO DE ACCESO ADICIONAL DE MATERIA--TÉRMINO DE MATERIA
Término de materia o nombre geográfico como elemento de entrada Supply chain management (técnica administrativa)
9 (RLIN) 163469
650 ## - PUNTO DE ACCESO ADICIONAL DE MATERIA--TÉRMINO DE MATERIA
Término de materia o nombre geográfico como elemento de entrada E-Procurement (procuración electrónica)
9 (RLIN) 191908
700 10 - ENTRADA AGREGADA--NOMBRE PERSONAL
Nombre de persona Cano, Mauricio
Código de función ths
Término indicativo de función/relación Asesor/a de tesis
9 (RLIN) 611880
700 10 - ENTRADA AGREGADA--NOMBRE PERSONAL
Nombre de persona Villegas Ramírez, Juan Guillermo
Código de función ths
Término indicativo de función/relación Asesor/a de tesis
9 (RLIN) 438839
942 ## - ELEMENTOS DE ENTRADA AGREGADA (KOHA)
Tipo de ítem Koha Tesis
Existencias
Estado de retiro Estado de pérdida Estado dañado No para préstamo Código de colección Localización permanente Ubicación/localización actual Fecha de adquisición Fuente de adquisición Número de inventario Total de préstamos Signatura topográfica completa Fecha visto por última vez Número de copia Precio válido a partir de Tipo de ítem Koha
        Colección de Tesis Digitales Centro Documentación Ingeniería (Bl. 20-146) Centro Documentación Ingeniería (Bl. 20-146) 05/07/2022 Material adquirido por donación C13324449   ELI 06906 01/05/2023 1 01/05/2023 Internet